000 00598nam a2200241Ia 4500
005 20260320201015.0
008 008 262003s9999 xx 000 0 eng d
037 _aEBOOK
040 _aCRL
040 _beng
040 _cCRL
041 _2eng
041 _aeng
084 _qCRL
100 _aKoivusalo
_91134012
245 0 _aConverged Communications: Evolution from Telephony to 5G Mobile Internet
260 _bIEEE
260 _c2023
856 _uhttps://ieeexplore.ieee.org/servlet/opac?bknumber=9944076
942 _cEBOOK
999 _c1718244
_d1718244